Responses for show #4043 - Wednesday, March 13, 2002

Contestants

[<< previous game]

Heather Schaffer, a graduate student originally from Carrollton, Ohio

Mont McNeil, a corporate tax attorney from Tulsa, Oklahoma

Hanley Baxter, a research analyst from Boston, Massachusetts (whose 1-day cash winnings total $18,401)

[next game >>]

Jeopardy! Round responses

WEST POINT
LEGENDS OF SPORTS
SHALL WE DANCE?
THE PLAY'S THE THING
CRIME RHYME TIME
THE WEARIN' OF THE GREEN
    $200 21
Thomas Jefferson

Mont
    $200 1
Pelé

Hanley
    $200 16
a conga line

Hanley
    $200 11
a streetcar

Mont
    $200 6
gang slang

Triple Stumper
    $200 26
a green onion

Hanley
    $400 22
'76

Hanley
    $400 2
38,000

Mont
    $400 17
the can-can

Hanley
    $400 12
Neil Simon

Mont
    $400 7
a quiet riot

Hanley
    $400 27
Mr. Green Jeans

Mont
    $600 23
MacArthur

Mont
    $600 3
Tony Gwynn & Cal Ripken

Mont
    $600 18
(Heather: What is a tango?)
(Alex: No.)
(Mont: What is the [*]...cha?)
[Laughter]
(Alex: All right. The dance is the [*], but we would have taken [**] also.)

cha-cha (**cha-cha-cha)

MontHeather
    $600 13
Dublin

Mont
    $600 8
a jail wail

Heather
    $600 28
The Green Mountain Boys

Mont
    $2,400 24
(Mont: Who is Aaron Burr?)

Benedict Arnold

Mont
    $800 4
the Pittsburgh Penguins

Hanley
    $800 19
a chicken

Heather
    $800 14
The Bad Seed

Triple Stumper
    $800 9
guard card

Triple Stumper
    $800 29
The Green Mile

Heather
    $1000 25
General William Westmoreland

Triple Stumper
    $1000 5
(Hanley: What's the gymnastics team?)
(Alex: Which one?)
(Hanley: The U.S. Gymnastics team.)
...
(Alex: [*]. Not the entire group.)

the U.S. Women's gymnastics team

HanleyMont
    $1000 20
the meringue

Heather
    $1000 15
Tiny Alice

Triple Stumper
    $1000 10
a drunk punk

Hanley
    $1000 30
Green Day

Hanley

Scores at the first commercial break (after clue 15):

Hanley Mont Heather
$1,400 $3,200 $600

Scores at the end of the Jeopardy! Round:

Hanley Mont Heather
$3,600 $3,200 $2,600

Double Jeopardy! Round responses

U.N. REPRESENTATIVES
BITS OF THE BODY
SUDDENLY SUSAN
WORDS WITH ASIAN ORIGINS
IT'S A TOUGH WORLD
THE SILVER SCREEN
    $400 16
India

Hanley
    $400 2
the vocal cords

Heather
    $400 6
Susan Lucci

Mont
    $400 25
Ginger

Hanley
    $400 22
Copenhagen

Mont
    $400 11
Norman Bates

Hanley
    $800 17
(Hanley: What's Saudi Arabia?)

Iraq

HanleyMont
    $800 1
(Hanley: What are teeth?)

bones

HanleyMont
    $1,600 7
Susan B. Anthony

Mont
    $800 26
arsenic

Heather
    $800 23
(Mont: What is 4?)
(Heather: What is 3?)
...
(Alex: Minute to go, Mont.)

5

MontHeather
Triple Stumper
    $800 12
Thunderball

Hanley
    $1200 18
Austria

Heather
    $1200 3
ligaments

Heather
    $1200 8
Susan Sarandon

Mont
    $1200 27
a dinghy

Hanley
    $1200 24
(1 of) the Great Salt Lake or Lake Okeechobee & Lake Iliamna in Alaska

Heather
    $1200 13
Wilson

Mont
    $1600 19
Abba Eban

Mont
    $1600 4
the diaphragm

Hanley
    $1600 9
(Alex: That is the statuesque [*].)

Susan Anton

Triple Stumper
    $1600 28
(Heather: What is Tibet?)

cashmere

MontHeather
    $1600 29
(Heather: What is Estonia?)
(Mont: What is Ecuador?)
...
[The end-of-round signal sounds.]

El Salvador

MontHeather
Triple Stumper
    $1600 14
the ukulele

Mont
    $2000 20
(Richard) Holbrooke

Hanley
    $2000 5
alveoli

Triple Stumper
    $2000 10
Susan Sontag

Hanley
    $5,000 21
Macedonia

Hanley
    $2000 15
(Hanley: Who is Hank Williams?)
(Heather: Who is Johnny Cash?)

Slim Whitman

HanleyHeather
Triple Stumper

Scores at the end of the Double Jeopardy! Round:

Hanley Mont Heather
$13,800 $12,000 $1,400

[wagering suggestions for these scores]

Final Jeopardy! Round responses

POPULAR SONG
(Alex: [*]--"The Star-Spangled Banner". The version by Whitney Houston became No. 1 on the charts in October. And with good reason.)
HeatherWho is Foster?
$1,400
MontWho was
$9,000
HanleyWho is Key?
$12,001
Francis Scott Key

Final scores:

Hanley Mont Heather
$25,801 $3,000 $0
2-day champion: $44,202 2nd place: trip to Palm Island in the Grenadines + a subscription to the New York Times 3rd place: trip to Las Vegas & stay at the Venetian + a subscription to the New York Times

Game dynamics:

Coryat scores:

Hanley Mont Heather
$10,800 $13,600 $1,400
18 R
(including 1 DD),
4 W
21 R
(including 1 DD),
3 W
(including 1 DD)
9 R,
5 W

Combined Coryat: $25,800

The J! Archive is created by fans, for fans. The Jeopardy! game show and all elements thereof, including but not limited to copyright and trademark thereto, are the property of Jeopardy Productions, Inc. and are protected under law. This website is not affiliated with, sponsored by, or operated by Jeopardy Productions, Inc. Join the discussion at JBoard.tv.